[Event "Gibraltar Amateurs A"]
[Site "Gibraltar"]
[Date "2020.01.24"]
[Round "5.20"]
[White "Krause, Helmut"]
[Black "Koreywo, Witold"]
[Result "1-0"]
[WhiteElo "1660"]
[BlackElo "1601"]
[PlyCount "113"]
[EventDate "2020.01.20"]
[EventType "swiss"]
[EventRounds "5"]
[EventCountry "GGB"]
[SourceTitle "BritBase"]
[Source "John Saunders"]
[SourceDate "2021.06.05"]
[SourceVersion "1"]
[SourceVersionDate "2021.06.05"]
[SourceQuality "1"]

1. d4 d5 2. Nf3 e6 3. e3 c5 4. b3 Nc6 5. Bb2 Nf6 6. Bd3 cxd4 7. exd4 Bb4+ 8. c3
Bd6 9. Nbd2 O-O 10. O-O e5 11. dxe5 Nxe5 12. Nxe5 Bxe5 13. Qc2 h6 14. Nf3 Bf4
15. Bf5 Qc7 16. Rad1 Be6 17. g3 Bd6 18. Nd4 Qd7 19. Rfe1 Rfe8 20. Nxe6 fxe6 21.
Bd3 Qc7 22. Qd2 e5 23. Bg6 Rf8 24. Qe2 Rad8 25. b4 e4 26. a3 Be5 27. Rc1 Rd6
28. f4 Qb6+ 29. Kg2 Nd7 30. fxe5 Rxg6 31. Qh5 Re6 32. c4 Qf2+ 33. Kh3 Qxb2 34.
Qe2 Qxe5 35. cxd5 Qxd5 36. Rcd1 Rf2 37. Rxd5 Rxe2 38. Rxe2 Nf6 39. Rd4 Ra6 40.
Re3 b5 41. Rd8+ Kf7 42. Rc8 Ke6 43. Rc5 Rb6 44. Kg2 Kd6 45. h3 Rb7 46. Rec3 Nd5
47. Rc1 Ne7 48. Re1 Ng8 49. Rxe4 Nf6 50. Re1 Nd7 51. Rc2 Ne5 52. Rd2+ Ke6 53.
Rde2 Kd5 54. Rxe5+ Kc6 55. R1e4 Kb6 56. Re3 Ka6 57. Re7 1-0

[Event "Gibraltar Amateurs A"]
[Site "Gibraltar"]
[Date "2020.01.24"]
[Round "5.21"]
[White "Krause, Marianne"]
[Black "Bynnersley, AG (Tony)"]
[Result "1-0"]
[WhiteElo "1609"]
[BlackElo "1443"]
[PlyCount "99"]
[EventDate "2020.01.20"]
[EventType "swiss"]
[EventRounds "5"]
[EventCountry "GGB"]
[SourceTitle "BritBase"]
[Source "John Saunders"]
[SourceDate "2021.06.05"]
[SourceVersion "1"]
[SourceVersionDate "2021.06.05"]
[SourceQuality "1"]

1. d4 Nf6 2. Nf3 e6 3. e3 d5 4. Bd3 c5 5. b3 Nbd7 6. Bb2 Be7 7. Nbd2 O-O 8. O-O
b6 9. Ne5 Bb7 10. Qf3 cxd4 11. exd4 Rc8 12. Rac1 Bb4 13. c3 Bd6 14. Rfe1 Qe7
15. Qh3 Rfd8 16. Re3 Nf8 17. Rf1 Ng6 18. f4 Bxe5 19. fxe5 Nd7 20. g3 Ndf8 21.
Ref3 Rd7 22. Nb1 Qe8 23. R1f2 Bc6 24. Qg4 Nh8 25. Bc1 Nfg6 26. h4 Qf8 27. Re2
h6 28. h5 Nxe5 29. Rxe5 f5 30. Qh3 Qf6 31. Qf1 Rf7 32. Qf2 Rff8 33. Qe2 Bd7 34.
a4 Nf7 35. Ree3 Ng5 36. Rf1 Ne4 37. Bxe4 dxe4 38. Qf2 e5 39. d5 f4 40. gxf4
exf4 41. Re2 Bh3 42. Rfe1 Qg5+ 43. Kh1 e3 44. Qf3 Bg4 45. Qg2 Qxh5+ 46. Qh2
Bxe2 47. Rxe2 Qxh2+ 48. Kxh2 g5 49. Kg1 Rfe8 50. c4 1-0

[Event "Gibraltar Amateurs A"]
[Site "Gibraltar"]
[Date "2020.01.24"]
[Round "5.22"]
[White "Olaizola, Miguel"]
[Black "Camara Bordon, Luis Marcos"]
[Result "1-0"]
[WhiteElo "1809"]
[BlackElo "1349"]
[PlyCount "47"]
[EventDate "2020.01.20"]
[EventType "swiss"]
[EventRounds "5"]
[EventCountry "GGB"]
[SourceTitle "BritBase"]
[Source "John Saunders"]
[SourceDate "2021.06.05"]
[SourceVersion "1"]
[SourceVersionDate "2021.06.05"]
[SourceQuality "1"]

1. e4 d6 2. d4 Nf6 3. Nc3 g6 4. Bg5 Nbd7 5. e5 dxe5 6. dxe5 Nxe5 7. Qxd8+ Kxd8
8. O-O-O+ Bd7 9. Bb5 c6 10. Be2 Ke8 11. h3 Be6 12. Nf3 Ned7 13. Rhe1 Bg7 14.
Nd4 Bd5 15. Bg4 e6 16. Nxd5 Nxd5 17. Nxe6 fxe6 18. Bxe6 Be5 19. Bxd5 cxd5 20.
Bf4 Kf7 21. Bxe5 Rhe8 22. Rxd5 Nf6 23. Rd6 Rad8 24. Rxf6+ 1-0

[Event "Gibraltar Amateurs A"]
[Site "Gibraltar"]
[Date "2020.01.24"]
[Round "5.23"]
[White "Naldrett, Geoffrey"]
[Black "Maloney, Harry"]
[Result "1/2-1/2"]
[WhiteElo "1526"]
[BlackElo "1328"]
[PlyCount "160"]
[EventDate "2020.01.20"]
[EventType "swiss"]
[EventRounds "5"]
[EventCountry "GGB"]
[SourceTitle "BritBase"]
[Source "John Saunders"]
[SourceDate "2021.06.05"]
[SourceVersion "1"]
[SourceVersionDate "2021.06.05"]
[SourceQuality "1"]

1. c4 d6 2. Nc3 g6 3. g3 Bg7 4. Bg2 f5 5. d4 Nf6 6. Nf3 O-O 7. O-O c6 8. Rb1
Na6 9. Bf4 Nc7 10. Qd2 Be6 11. b3 Bf7 12. Ng5 Nfe8 13. Nxf7 Rxf7 14. Rfd1 Ne6
15. Be3 Qc7 16. d5 Nd8 17. dxc6 bxc6 18. Nb5 Qd7 19. Nd4 Kh8 20. Bh6 Rc8 21.
Bxg7+ Kxg7 22. Nf3 Qc7 23. Qc3+ e5 24. Rd2 Rd7 25. Rbd1 Re7 26. Ng5 Nf7 27.
Nxf7 Kxf7 28. e4 fxe4 29. Bxe4 Rd8 30. Qf3+ Nf6 31. Bxc6 Kg7 32. Bd5 Nxd5 33.
Rxd5 Re6 34. Qe3 Rc8 35. c5 e4 36. Rxd6 Rxd6 37. cxd6 Qc2 38. Qd2 Qc6 39. d7
Rd8 40. Qd6 Qxd6 41. Rxd6 Kf7 42. Rd4 Kf6 43. Rxe4 Rxd7 44. a4 Rd1+ 45. Kg2 Rb1
46. Re3 h5 47. h4 g5 48. hxg5+ Kxg5 49. Kh3 Kf5 50. Rf3+ Kg6 51. Kg2 Kg5 52.
Re3 Kg4 53. f3+ Kf5 54. Rc3 Rb2+ 55. Kh3 Kg6 56. f4 Kf5 57. Rc5+ Kg6 58. Rb5 a6
59. Rb6+ Kf5 60. b4 h4 61. gxh4 Rb3+ 62. Kg2 Kg4 63. h5 Rb2+ 64. Kf1 Kf3 65.
Ke1 Ke3 66. Kd1 Kd3 67. Kc1 Rh2 68. h6 Rh1+ 69. Kb2 Rh2+ 70. Kb1 Kc3 71. Rc6+
Kxb4 72. Rxa6 Kb3 73. Rb6+ Kxa4 74. f5 Ka5 75. Rd6 Kb4 76. Rd4+ Kb3 77. Rd3+
Kb4 78. f6 Rxh6 79. Rf3 Rh8 80. f7 Rf8 1/2-1/2

[Event "Gibraltar Amateurs A"]
[Site "Gibraltar"]
[Date "2020.01.24"]
[Round "5.24"]
[White "Busch, Guenther"]
[Black "Zhou, Jing"]
[Result "0-1"]
[WhiteElo "1520"]
[BlackElo "1457"]
[PlyCount "70"]
[EventDate "2020.01.20"]
[EventType "swiss"]
[EventRounds "5"]
[EventCountry "GGB"]
[SourceTitle "BritBase"]
[Source "John Saunders"]
[SourceDate "2021.06.05"]
[SourceVersion "1"]
[SourceVersionDate "2021.06.05"]
[SourceQuality "1"]

1. Nf3 Nf6 2. c4 e6 3. e3 d5 4. Nc3 Be7 5. b3 b6 6. cxd5 exd5 7. Be2 Bb7 8. O-O
Nbd7 9. d4 O-O 10. Qc2 h6 11. Bd3 c5 12. Re1 Rc8 13. Bb2 cxd4 14. exd4 Bd6 15.
Qd1 Bb4 16. Rc1 Ne4 17. Bxe4 dxe4 18. Ne5 Nxe5 19. dxe5 Qg5 20. Nxe4 Qg6 21. f3
Bxe1 22. Qxe1 Rxc1 23. Bxc1 Re8 24. Ng3 Qb1 25. Qd2 g6 26. Ne2 Rc8 27. Nc3 Qf5
28. f4 Qg4 29. Bb2 Qf5 30. h3 h5 31. Kh2 Kh7 32. e6 Qxe6 33. Qd4 Rg8 34. Nd1
Qe4 35. Qd2 Rd8 0-1

[Event "Gibraltar Amateurs A"]
[Site "Gibraltar"]
[Date "2020.01.24"]
[Round "5.26"]
[White "Davies, Cledwyn"]
[Black "Reyes, Craig"]
[Result "1-0"]
[WhiteElo "1507"]
[BlackElo "1240"]
[PlyCount "69"]
[EventDate "2020.01.20"]
[EventType "swiss"]
[EventRounds "5"]
[EventCountry "GGB"]
[SourceTitle "BritBase"]
[Source "John Saunders"]
[SourceDate "2021.06.05"]
[SourceVersion "1"]
[SourceVersionDate "2021.06.05"]
[SourceQuality "1"]

1. e4 d5 2. exd5 Nf6 3. Nc3 e6 4. Bb5+ c6 5. dxc6 bxc6 6. Be2 Bd6 7. d4 O-O 8.
Nf3 Qc7 9. O-O Nbd7 10. Bg5 e5 11. dxe5 Bxe5 12. Nxe5 Qxe5 13. Bh4 Nc5 14. Bg3
Qe6 15. Bf3 Ba6 16. Re1 Qc8 17. Qd6 Ne6 18. Qxc6 Qxc6 19. Bxc6 Nd4 20. Bxa8
Nxc2 21. Bf3 Nxa1 22. Rxa1 Re8 23. h3 h5 24. Bh4 Re5 25. Bxf6 gxf6 26. Rd1 Kg7
27. Rd5 Re1+ 28. Kh2 Bb7 29. Rxh5 Bxf3 30. gxf3 Kg6 31. Ra5 Re7 32. Kg2 f5 33.
Ra6+ Kg5 34. f4+ Kh5 35. Rf6 1-0

[Event "Gibraltar Amateurs B"]
[Site "Gibraltar"]
[Date "2020.01.25"]
[Round "1.1"]
[White "Longdin, Michael"]
[Black "Sedgwick, David"]
[Result "0-1"]
[WhiteElo "1680"]
[BlackElo "1894"]
[PlyCount "106"]
[EventDate "2020.01.25"]
[EventType "swiss"]
[EventRounds "5"]
[EventCountry "GGB"]
[SourceTitle "BritBase"]
[Source "John Saunders"]
[SourceDate "2021.06.05"]
[SourceVersion "1"]
[SourceVersionDate "2021.06.05"]
[SourceQuality "1"]

1. d4 c5 2. c3 e6 3. Bf4 d5 4. e3 Nc6 5. Nf3 Nf6 6. Nbd2 Be7 7. Bd3 b6 8. Ne5
Bb7 9. Bb5 Rc8 10. Qa4 a6 11. Bxc6+ Bxc6 12. Nxc6 Qd7 13. Qxa6 Qxc6 14. Qe2 O-O
15. O-O c4 16. Rfe1 Ne4 17. Nxe4 dxe4 18. Be5 f6 19. Bg3 Qb5 20. Rf1 Qf5 21. f3
e5 22. dxe5 fxe5 23. f4 exf4 24. Rxf4 Qe6 25. Qg4 Qxg4 26. Rxg4 Bc5 27. Rxe4
Rfe8 28. Rxe8+ Rxe8 29. Kf1 Bxe3 30. Re1 Rf8+ 31. Ke2 Bg5 32. Bf2 b5 33. Bd4
Ra8 34. a3 Re8+ 35. Kd1 Rd8 36. Kc2 Bf4 37. g3 Bd6 38. Rf1 Re8 39. Kd2 Re6 40.
Rf5 Rh6 41. Bg1 Rf6 42. Rxf6 gxf6 43. Ke3 Kf7 44. g4 Bc5+ 45. Ke4 Bxg1 46. Kd5
Bxh2 47. Kc5 Ke6 48. Kxb5 Kd5 49. a4 Bg1 50. a5 Be3 51. a6 Bc5 52. a7 Bxa7 53.
Ka6 Be3 0-1

[Event "Gibraltar Amateurs B"]
[Site "Gibraltar"]
[Date "2020.01.25"]
[Round "1.2"]
[White "Nash, Damian"]
[Black "Poggio, Freddie"]
[Result "1-0"]
[WhiteElo "1890"]
[BlackElo "1680"]
[PlyCount "43"]
[EventDate "2020.01.25"]
[EventType "swiss"]
[EventRounds "5"]
[EventCountry "GGB"]
[SourceTitle "BritBase"]
[Source "John Saunders"]
[SourceDate "2021.06.05"]
[SourceVersion "1"]
[SourceVersionDate "2021.06.05"]
[SourceQuality "1"]

1. e4 c5 2. Nc3 Nc6 3. f4 e6 4. Nf3 d5 5. Bb5 a6 6. Bxc6+ bxc6 7. O-O c4 8. d3
cxd3 9. cxd3 Bc5+ 10. d4 Ba7 11. Kh1 dxe4 12. Nxe4 Ne7 13. b3 Nf5 14. Ne5 Qd5
15. Ng5 O-O 16. Ba3 Ne3 17. Qf3 Nxf1 18. Qh5 Ng3+ 19. hxg3 h6 20. Bxf8 hxg5 21.
Qxf7+ Kh7 22. Qxg7# 1-0

[Event "Gibraltar Amateurs B"]
[Site "Gibraltar"]
[Date "2020.01.25"]
[Round "1.3"]
[White "Boghi, Victor Almeida"]
[Black "Bosschem, Eddy"]
[Result "1/2-1/2"]
[WhiteElo "1679"]
[BlackElo "1881"]
[PlyCount "57"]
[EventDate "2020.01.25"]
[EventType "swiss"]
[EventRounds "5"]
[EventCountry "GGB"]
[SourceTitle "BritBase"]
[Source "John Saunders"]
[SourceDate "2021.06.05"]
[SourceVersion "1"]
[SourceVersionDate "2021.06.05"]
[SourceQuality "1"]

1. Nf3 d5 2. g3 Nf6 3. Bg2 c6 4. O-O Bg4 5. h3 Bh5 6. d3 e6 7. Nbd2 Bd6 8. e4
Qc7 9. Qe1 Nbd7 10. exd5 cxd5 11. c4 O-O 12. g4 Bg6 13. Qe2 Nc5 14. Ne1 Rad8
15. Ndf3 dxc4 16. dxc4 Nd3 17. Nh4 Nf4 18. Bxf4 Bxf4 19. Nxg6 hxg6 20. Nf3 Rd6
21. Rfd1 Rfd8 22. b3 b6 23. Rxd6 Qxd6 24. Rb1 e5 25. Nh2 Qd4 26. Nf1 Qd3 27.
Rb2 Kf8 28. Ne3 Qd4 29. Nd5 1/2-1/2

[Event "Gibraltar Amateurs B"]
[Site "Gibraltar"]
[Date "2020.01.25"]
[Round "1.4"]
[White "Dumont, Andre"]
[Black "Krause, Helmut"]
[Result "1-0"]
[WhiteElo "1872"]
[BlackElo "1660"]
[PlyCount "41"]
[EventDate "2020.01.25"]
[EventType "swiss"]
[EventRounds "5"]
[EventCountry "GGB"]
[SourceTitle "BritBase"]
[Source "John Saunders"]
[SourceDate "2021.06.05"]
[SourceVersion "1"]
[SourceVersionDate "2021.06.05"]
[SourceQuality "1"]

1. Nf3 Nf6 2. c4 c5 3. b3 b6 4. Bb2 Bb7 5. e3 e6 6. Nc3 Nc6 7. Qc2 Qc7 8. Be2
Be7 9. a3 a6 10. O-O d6 11. d4 cxd4 12. exd4 d5 13. cxd5 exd5 14. Rac1 Bd6 15.
Qf5 Qc8 16. Qg5 Qg4 17. Qxg4 Nxg4 18. Nxd5 b5 19. h3 Nh6 20. Nb6 Rd8 21. d5 1-0

[Event "Gibraltar Amateurs B"]
[Site "Gibraltar"]
[Date "2020.01.25"]
[Round "1.5"]
[White "Gillis Glastone, Philippe"]
[Black "White, David J"]
[Result "0-1"]
[WhiteElo "1654"]
[BlackElo "1872"]
[PlyCount "40"]
[EventDate "2020.01.25"]
[EventType "swiss"]
[EventRounds "5"]
[EventCountry "GGB"]
[SourceTitle "BritBase"]
[Source "John Saunders"]
[SourceDate "2021.06.05"]
[SourceVersion "1"]
[SourceVersionDate "2021.06.05"]
[SourceQuality "1"]

1. d4 Nf6 2. Bf4 c5 3. d5 d6 4. Nc3 g6 5. Nf3 Bg7 6. e4 O-O 7. Bc4 b5 8. Bxb5
Qa5 9. Bd3 c4 10. Bxc4 Nxe4 11. Qd3 Bf5 12. Bd2 Nxf2 13. Qe2 Nxh1 14. O-O-O Nd7
15. Nb5 Qb6 16. Rxh1 Rab8 17. b3 a6 18. Nc3 Qa5 19. Nb1 Qxa2 20. Bc3 Bh6+ 0-1

[Event "Gibraltar Amateurs B"]
[Site "Gibraltar"]
[Date "2020.01.25"]
[Round "1.6"]
[White "Nwachukwu, Chino"]
[Black "Izzard, Brian J"]
[Result "1-0"]
[WhiteElo "1868"]
[BlackElo "1626"]
[PlyCount "40"]
[EventDate "2020.01.25"]
[EventType "swiss"]
[EventRounds "5"]
[EventCountry "GGB"]
[SourceTitle "BritBase"]
[Source "John Saunders"]
[SourceDate "2021.06.05"]
[SourceVersion "1"]
[SourceVersionDate "2021.06.05"]
[SourceQuality "1"]

1. e4 d5 2. exd5 Nf6 3. d4 Nxd5 4. Nf3 Bg4 5. Be2 e6 6. O-O Be7 7. c4 Nf6 8.
Qb3 b6 9. h3 Bf5 10. Nc3 Nbd7 11. Bf4 O-O 12. Nh4 Be4 13. Nxe4 Nxe4 14. Nf3 a5
15. Rfd1 a4 16. Qc2 Nef6 17. Ne5 Nxe5 18. dxe5 Nd7 19. Bf3 Ra5 20. Bc6 Nb8 1-0

[Event "Gibraltar Amateurs B"]
[Site "Gibraltar"]
[Date "2020.01.25"]
[Round "1.8"]
[White "Bryant, Richard B E"]
[Black "Kearsley, Raymond J"]
[Result "1-0"]
[WhiteElo "1849"]
[BlackElo "1611"]
[PlyCount "41"]
[EventDate "2020.01.25"]
[EventType "swiss"]
[EventRounds "5"]
[EventCountry "GGB"]
[SourceTitle "BritBase"]
[Source "John Saunders"]
[SourceDate "2021.06.05"]
[SourceVersion "1"]
[SourceVersionDate "2021.06.05"]
[SourceQuality "1"]

1. e4 d5 2. exd5 Nf6 3. d4 Bg4 4. f3 Bf5 5. Bb5+ c6 6. dxc6 Nxc6 7. Nc3 e6 8.
Nge2 Be7 9. Be3 O-O 10. Bf2 Nb4 11. Ba4 Rc8 12. Qd2 Nfd5 13. Bb3 a6 14. h4 h6
15. Ne4 Bh7 16. c4 Nb6 17. a3 Nc6 18. g4 f5 19. gxf5 exf5 20. c5+ Nd5 21. N4c3
1-0

[Event "Gibraltar Amateurs B"]
[Site "Gibraltar"]
[Date "2020.01.25"]
[Round "1.10"]
[White "Nebel, Uwe"]
[Black "Savage, Neil"]
[Result "1-0"]
[WhiteElo "1847"]
[BlackElo "1608"]
[PlyCount "43"]
[EventDate "2020.01.25"]
[EventType "swiss"]
[EventRounds "5"]
[EventCountry "GGB"]
[SourceTitle "BritBase"]
[Source "John Saunders"]
[SourceDate "2021.06.05"]
[SourceVersion "1"]
[SourceVersionDate "2021.06.05"]
[SourceQuality "1"]

1. e4 g6 2. d4 Bg7 3. f4 c5 4. d5 d6 5. Nf3 Bg4 6. Bd3 Nd7 7. h3 Bxf3 8. Qxf3
Ngf6 9. O-O O-O 10. c4 Ne8 11. Nc3 e6 12. Rb1 exd5 13. exd5 Nef6 14. Bd2 Nb6
15. Rbe1 Qd7 16. f5 Rae8 17. Rxe8 Rxe8 18. Bg5 Rf8 19. b3 a6 20. Ne4 Nxe4 21.
Bxe4 Qe8 22. f6 1-0

[Event "Gibraltar Amateurs B"]
[Site "Gibraltar"]
[Date "2020.01.25"]
[Round "1.11"]
[White "White, Gary"]
[Black "Gonzalez Pabollet, Jesus Maria S"]
[Result "0-1"]
[WhiteElo "1608"]
[BlackElo "1845"]
[PlyCount "60"]
[EventDate "2020.01.25"]
[EventType "swiss"]
[EventRounds "5"]
[EventCountry "GGB"]
[SourceTitle "BritBase"]
[Source "John Saunders"]
[SourceDate "2021.06.05"]
[SourceVersion "1"]
[SourceVersionDate "2021.06.05"]
[SourceQuality "1"]

1. f4 Nf6 2. Nf3 c5 3. d3 d5 4. e3 Nc6 5. Be2 e6 6. O-O Bd6 7. Qe1 O-O 8. Nc3
e5 9. fxe5 Nxe5 10. d4 Ng6 11. dxc5 Bxc5 12. Nd4 Re8 13. Qf2 Ne5 14. h3 a6 15.
Bd2 b5 16. a3 Be6 17. b4 Bd6 18. Bd3 Qc7 19. Bf5 Nc4 20. Be1 Nh5 21. Qh4 g6 22.
Bxe6 fxe6 23. Rf3 Ne5 24. Rf1 Qc4 25. g4 Rf8 26. Rxf8+ Rxf8 27. Bd2 Qxd4 28.
exd4 Nf3+ 29. Kh1 Nxh4 30. gxh5 Rf2 0-1

[Event "Gibraltar Amateurs B"]
[Site "Gibraltar"]
[Date "2020.01.25"]
[Round "1.12"]
[White "Martos Martin, Jose Angel"]
[Black "Koreywo, Witold"]
[Result "1/2-1/2"]
[WhiteElo "1841"]
[BlackElo "1601"]
[PlyCount "93"]
[EventDate "2020.01.25"]
[EventType "swiss"]
[EventRounds "5"]
[EventCountry "GGB"]
[SourceTitle "BritBase"]
[Source "John Saunders"]
[SourceDate "2021.06.05"]
[SourceVersion "1"]
[SourceVersionDate "2021.06.05"]
[SourceQuality "1"]

1. d4 d5 2. Bf4 Nf6 3. e3 e6 4. Nd2 Bd6 5. Bg3 b6 6. Ngf3 O-O 7. c3 c6 8. Bd3
Qc7 9. Bxd6 Qxd6 10. Ne5 Nbd7 11. f4 c5 12. O-O Ne8 13. Qh5 f5 14. Rf3 Ndf6 15.
Qh4 Ne4 16. Rh3 N8f6 17. Ndf3 Qc7 18. Ng5 h6 19. Nxe4 dxe4 20. Bc4 Nd5 21. Qg3
Rf6 22. Bb5 a6 23. Bc6 Ra7 24. a3 Ne7 25. Be8 Kf8 26. Bh5 Bd7 27. Rd1 c4 28.
Be2 b5 29. Bh5 Ra8 30. Qh4 Be8 31. Be2 Ng6 32. Qf2 Nxe5 33. dxe5 Rf7 34. Rg3
Rd7 35. Rd4 Rad8 36. Qe1 Rd5 37. Qd1 R8d7 38. Bh5 Bxh5 39. Qxh5 Rf7 40. Rg6 Qd7
41. g4 Rxd4 42. exd4 Qe7 43. Qh3 Qd7 44. Qg3 a5 45. g5 hxg5 46. Qxg5 b4 47. Qg3
1/2-1/2

[Event "Gibraltar Amateurs B"]
[Site "Gibraltar"]
[Date "2020.01.25"]
[Round "1.13"]
[White "Moreno Guerrero, Idelfonso"]
[Black "Leimeister, Winfried"]
[Result "1/2-1/2"]
[WhiteElo "1597"]
[BlackElo "1838"]
[PlyCount "52"]
[EventDate "2020.01.25"]
[EventType "swiss"]
[EventRounds "5"]
[EventCountry "GGB"]
[SourceTitle "BritBase"]
[Source "John Saunders"]
[SourceDate "2021.06.05"]
[SourceVersion "1"]
[SourceVersionDate "2021.06.05"]
[SourceQuality "1"]

1. e4 c5 2. Nf3 g6 3. d3 Bg7 4. g3 e6 5. Bg2 Ne7 6. Nc3 Nbc6 7. Be3 Nd4 8. Qd2
O-O 9. h4 h5 10. O-O-O d6 11. Bg5 Bd7 12. Rde1 Re8 13. Nxd4 Bxd4 14. f4 f6 15.
Bh6 Kh7 16. f5 exf5 17. exf5 Nxf5 18. Bf4 Qb6 19. Rxe8 Rxe8 20. Be4 Bc6 21. Re1
Bxe4 22. Rxe4 Rxe4 23. dxe4 Ng7 24. Be3 Be5 25. Bf4 Bd4 26. Be3 Be5 1/2-1/2

[Event "Gibraltar Amateurs B"]
[Site "Gibraltar"]
[Date "2020.01.25"]
[Round "1.14"]
[White "Hari, Charan Sai Kalluri"]
[Black "Postigo Jimenez, Fernando"]
[Result "0-1"]
[WhiteElo "1836"]
[BlackElo "1597"]
[PlyCount "83"]
[EventDate "2020.01.25"]
[EventType "swiss"]
[EventRounds "5"]
[EventCountry "GGB"]
[SourceTitle "BritBase"]
[Source "John Saunders"]
[SourceDate "2021.06.05"]
[SourceVersion "1"]
[SourceVersionDate "2021.06.05"]
[SourceQuality "1"]

1. d4 Nf6 2. Nf3 g6 3. Nc3 d5 4. Bf4 a6 5. e3 Bg7 6. Be2 O-O 7. h4 Nc6 8. Ne5
Be6 9. g4 Nd7 10. Nd3 b6 11. Bf3 Nf6 12. h5 Rc8 13. g5 Ne8 14. Na4 Nd6 15. Bg4
Qd7 16. Bxe6 Qxe6 17. Qe2 Qf5 18. c3 e5 19. dxe5 Nxe5 20. hxg6 Nxg6 21. O-O-O
Nxf4 22. Nxf4 Rfe8 23. Nxd5 Qe5 24. Qd3 Nf5 25. e4 Ne7 26. c4 Qd6 27. Qh3 Nxd5
28. Qxh7+ Kf8 29. Rxd5 Qf4+ 30. Kb1 Rxe4 31. Nc3 Rxc4 32. Qd3 Re8 33. a3 Rd4
34. Rxd4 Qxd4 35. Qxa6 Qxf2 36. Qc4 Qg2 37. Rf1 Re7 38. Nd5 Re4 39. Qa6 Qxg5
40. Nxc7 Qd8 41. Qxb6 Re6 42. Nxe6+ 0-1

[Event "Gibraltar Amateurs B"]
[Site "Gibraltar"]
[Date "2020.01.25"]
[Round "1.15"]
[White "Jimenez Urquijo, Juan Manuel"]
[Black "Jacob, Sydney J"]
[Result "0-1"]
[WhiteElo "1567"]
[BlackElo "1816"]
[PlyCount "120"]
[EventDate "2020.01.25"]
[EventType "swiss"]
[EventRounds "5"]
[EventCountry "GGB"]
[SourceTitle "BritBase"]
[Source "John Saunders"]
[SourceDate "2021.06.05"]
[SourceVersion "1"]
[SourceVersionDate "2021.06.05"]
[SourceQuality "1"]

1. Nf3 Nf6 2. c4 g6 3. Nc3 Bg7 4. e4 d6 5. d4 O-O 6. Be2 Nbd7 7. O-O c5 8. d5
a6 9. a4 b6 10. Rb1 Re8 11. b3 Nf8 12. Bb2 h6 13. Re1 g5 14. e5 dxe5 15. Nxe5
Bf5 16. Bd3 Qc8 17. Bxf5 Qxf5 18. Qf3 Qxf3 19. Nxf3 Ng6 20. Ne4 Rad8 21. Ne5
Nxe5 22. Bxe5 Nxe4 23. Rxe4 Bxe5 24. Rxe5 e6 25. Rbe1 Kf8 26. dxe6 Rxe6 27.
Rxe6 fxe6 28. Kf1 Ke7 29. Ke2 Rd4 30. Ke3 Kd6 31. Re2 Ke5 32. f3 Rd1 33. g3 Rb1
34. Kd3+ Kf6 35. Kc2 Rf1 36. f4 gxf4 37. gxf4 Rxf4 38. Rd2 Ke7 39. Rg2 Kd6 40.
Rd2+ Ke5 41. Rg2 Rf3 42. Re2+ Kf5 43. Rg2 e5 44. Rd2 e4 45. a5 bxa5 46. Rd5+
Kf4 47. Rxc5 Rf2+ 48. Kc3 Rxh2 49. Rxa5 e3 50. Rxa6 h5 51. c5 Rh1 52. Kd3 Rd1+
53. Ke2 Rd2+ 54. Ke1 Rb2 55. Rb6 h4 56. Rb8 h3 57. Rf8+ Ke4 58. c6 h2 59. Rh8
h1=Q+ 60. Rxh1 Rb1+ 0-1

[Event "Gibraltar Amateurs B"]
[Site "Gibraltar"]
[Date "2020.01.25"]
[Round "1.16"]
[White "Olaizola, Miguel"]
[Black "Dhanwani, Aditya"]
[Result "1-0"]
[WhiteElo "1809"]
[BlackElo "1565"]
[PlyCount "115"]
[EventDate "2020.01.25"]
[EventType "swiss"]
[EventRounds "5"]
[EventCountry "GGB"]
[SourceTitle "BritBase"]
[Source "John Saunders"]
[SourceDate "2021.06.05"]
[SourceVersion "1"]
[SourceVersionDate "2021.06.05"]
[SourceQuality "1"]

1. Nf3 e6 2. e4 d5 3. exd5 exd5 4. d4 Nf6 5. Bd3 Bd6 6. O-O O-O 7. h3 h6 8. Be3
Be6 9. c3 c6 10. Ne5 Nbd7 11. f4 Qc7 12. f5 Qb6 13. Qd2 Qc7 14. fxe6 Nxe5 15.
dxe5 Bxe5 16. exf7+ Qxf7 17. Na3 Rfd8 18. Nc2 Qc7 19. Qe2 Re8 20. Bg6 Re7 21.
Nd4 Bh2+ 22. Kh1 Ne4 23. Bxe4 Rxe4 24. Qf3 Bd6 25. Nf5 Rf8 26. Bd4 Rf4 27. Qh5
R8xf5 28. Qe8+ Rf8 29. Qe6+ Kh8 30. Rxf4 Rxf4 31. Qxh6+ Kg8 32. Bxg7 Qxg7 33.
Qxd6 Rf2 34. Qd8+ Qf8 35. Qg5+ Qg7 36. Qxg7+ Kxg7 37. Rb1 Kg6 38. Kh2 Re2 39.
h4 Kh5 40. Kh3 Re3+ 41. g3 b5 42. a3 Rd3 43. Re1 Rd2 44. Re5+ Kg6 45. Re6+ Kf5
46. Rxc6 Rxb2 47. Rc5 Ke6 48. h5 Rf2 49. g4 Kd6 50. Kg3 Rf8 51. Rxb5 Rc8 52.
Rb3 a5 53. h6 Rh8 54. g5 Ke5 55. Kg4 Ke4 56. Kh5 Kf5 57. Rb5 Rc8 58. Rxd5+ 1-0

[Event "Gibraltar Amateurs B"]
[Site "Gibraltar"]
[Date "2020.01.25"]
[Round "1.18"]
[White "Diaz Gallego, Saul"]
[Black "Naldrett, Geoffrey"]
[Result "1-0"]
[WhiteElo "1801"]
[BlackElo "1526"]
[PlyCount "83"]
[EventDate "2020.01.25"]
[EventType "swiss"]
[EventRounds "5"]
[EventCountry "GGB"]
[SourceTitle "BritBase"]
[Source "John Saunders"]
[SourceDate "2021.06.05"]
[SourceVersion "1"]
[SourceVersionDate "2021.06.05"]
[SourceQuality "1"]

1. d4 Nf6 2. Bf4 d6 3. Nf3 g6 4. e3 Bg7 5. Bc4 O-O 6. c3 h6 7. h3 b6 8. Nbd2
Bb7 9. Qc2 Nbd7 10. O-O c5 11. Rad1 Qc7 12. Qxg6 d5 13. Qxg7+ Kxg7 14. Bxc7
dxc4 15. Nxc4 Rac8 16. Be5 Bxf3 17. gxf3 b5 18. Bxf6+ Nxf6 19. Ne5 c4 20. d5
Rfd8 21. e4 h5 22. Kh2 Kf8 23. Nc6 Rd7 24. Nd4 a6 25. a4 Rb8 26. axb5 axb5 27.
Ra1 Rdb7 28. Ra6 Rb6 29. Rfa1 Nd7 30. Rxb6 Rxb6 31. Ra8+ Kg7 32. Nf5+ Kf6 33.
Rh8 e6 34. Ne3 Ne5 35. Rxh5 Nxf3+ 36. Kg3 Kg6 37. Rh8 Ne5 38. dxe6 fxe6 39. f4
Nd3 40. f5+ exf5 41. Nxf5 Nxb2 42. Rh6+ 1-0